[Event "Seinajoki Sept op"]
[Site "Seinajoki"]
[Date "2019.09.22"]
[Round "4"]
[White "Tiiva, Eetu"]
[Black "Rantanen, Veikko J"]
[Result "1/2-1/2"]
[WhiteElo "1922"]
[BlackElo "1920"]
[PlyCount "24"]
[EventDate "2019.09.21"]
[EventType "swiss"]
[EventRounds "5"]
[EventCountry "FIN"]
[SourceTitle "EXT 2021"]
[Source "ChessBase"]
[SourceDate "2020.10.23"]
[SourceVersion "1"]
[SourceVersionDate "2020.10.23"]
[SourceQuality "1"]

1. c4 Nf6 2. g3 g6 3. Bg2 d5 4. cxd5 Nxd5 5. Nc3 c6 6. Nf3 Bg7 7. 0-0 0-0 8. Nxd5 cxd5 9. Rb1 Nc6 10. a3 e5 11. d3 b5 12. b4 Bb7 1/2-1/2

[Event "Helsinki HSK Autumn"]
[Site "Helsinki"]
[Date "2019.08.31"]
[Round "2"]
[White "Gronroos, Matti"]
[Black "Tiiva, Eetu"]
[Result "0-1"]
[WhiteElo "1913"]
[BlackElo "1940"]
[PlyCount "134"]
[EventDate "2019.08.30"]
[EventType "swiss"]
[EventRounds "5"]
[EventCountry "FIN"]
[SourceTitle "EXT 2021"]
[Source "ChessBase"]
[SourceDate "2020.10.23"]
[SourceVersion "1"]
[SourceVersionDate "2020.10.23"]
[SourceQuality "1"]

1. e4 e6 2. d4 d5 3. Nc3 Nf6 4. Bg5 Bb4 5. e5 h6 6. Bd2 Bxc3 7. bxc3 Ne4 8. Qg4 g6 9. Bc1 c5 10. Bd3 Nxc3 11. dxc5 Qc7 12. Qd4 Ne4 13. Bxe4 dxe4 14. Qxe4 Qxc5 15. Ne2 Nc6 16. Bb2 0-0 17. 0-0 b6 18. Rfe1 Bb7 19. Ng3 Qb4 20. Bc1 Nd4 21. Bd2 Qxd2 22. Qxb7 Qxc2 23. Ne4 Qa4 24. Nd6 Rad8 25. Qe4 b5 26. Rad1 Nf5 27. Qxa4 bxa4 28. Re4 Nxd6 29. exd6 Rd7 30. Rxa4 Rb8 31. Kf1 Rb6 32. Ke2 a6 33. Rad4 e5 34. Rd5 f6 35. Ke3 Kf7 36. f4 exf4+ 37. Kxf4 Ke6 38. R5d2 Rbxd6 39. Re1+ Kf7 40. Rde2 Rd4+ 41. Kf3 Rd3+ 42. Kf2 Rd2 43. Kf1 Rxe2 44. Rxe2 f5 45. Kf2 Kf6 46. Kf3 Rd3+ 47. Kf2 Ra3 48. Ke1 Kg5 49. Rf2 f4 50. Kd1 Kg4 51. Ke1 h5 52. Rc2 h4 53. Kf2 h3 54. Rb2 g5 55. Kg1 hxg2 56. Kxg2 f3+ 57. Kg1 Kh3 58. Rc2 Re3 59. Rc6 Ra3 60. Rc2 g4 61. Rb2 Rc3 62. Rb6 Rc1+ 63. Kf2 Rc2+ 64. Kg1 Rg2+ 65. Kf1 Kxh2 66. Rxa6 Kg3 67. Rf6 Rxa2 0-1

[Event "Helsinki MatSK op"]
[Site "Helsinki"]
[Date "2019.02.24"]
[Round "6"]
[White "Ruotanen, Helge"]
[Black "Tiiva, Eetu"]
[Result "0-1"]
[WhiteElo "1934"]
[BlackElo "1812"]
[PlyCount "40"]
[EventDate "2019.02.22"]
[EventType "swiss"]
[EventRounds "7"]
[EventCountry "FIN"]
[SourceTitle "CBM 189 Extra"]
[Source "ChessBase"]
[SourceDate "2019.06.03"]
[SourceVersion "1"]
[SourceVersionDate "2019.06.03"]
[SourceQuality "1"]

1. g3 f5 2. Bg2 Nf6 3. d3 e5 4. Nf3 Nc6 5. e4 d6 6. Nc3 Be7 7. Nh4 fxe4 8. dxe4 0-0 9. Bg5 Qe8 10. Nd5 Nxd5 11. exd5 Bxg5 12. dxc6 bxc6 13. Qd3 d5 14. c4 e4 15. Qc2 Qe7 16. cxd5 Qb4+ 17. Qc3 Qxc3+ 18. bxc3 cxd5 19. 0-0 Bf6 20. Rac1 g5 0-1